[Event "SUI-ch U16"]
[Site "Belp"]
[Date "2014.06.08"]
[Round "5"]
[White "Goldie, Thomas"]
[Black "Naegelin, Luis"]
[Result "0-1"]
[WhiteElo "2070"]
[BlackElo "1844"]
[PlyCount "120"]
[EventDate "2014.06.06"]
[EventType "swiss"]
[EventRounds "7"]
[EventCountry "SUI"]
[SourceTitle "EXT 2015"]
[Source "ChessBase"]
[SourceDate "2014.11.20"]
[SourceVersion "1"]
[SourceVersionDate "2014.11.20"]
[SourceQuality "1"]

1. e4 c5 2. Nf3 d6 3. d4 cxd4 4. Nxd4 Nf6 5. Nc3 a6 6. Be3 e6 7. f3 h5 8. Qd2 Be7 9. 0-0-0 Bd7 10. Be2 Nc6 11. h4 Rc8 12. g4 Nxd4 13. Bxd4 e5 14. Be3 hxg4 15. Rdg1 gxf3 16. Bxf3 g6 17. h5 gxh5 18. Bg5 Be6 19. Bxf6 Bxf6 20. Rxh5 Ke7 21. Nd5+ Bxd5 22. Qxd5 Qc7 23. c3 Qc6 24. Qb3 b5 25. Rgh1 Rxh5 26. Bxh5 Qc4 27. Qxc4 Rxc4 28. Bf3 b4 29. Kc2 bxc3 30. b3 Rc7 31. Rd1 Rc8 32. Rd3 a5 33. a3 Bg7 34. b4 axb4 35. axb4 Rc4 36. b5 f5 37. Rxc3 Rxc3+ 38. Kxc3 d5 39. Bh5 fxe4 40. b6 Kd6 41. b7 Kc7 42. Bf7 d4+ 43. Kc4 e3 44. Kd3 Kxb7 45. Bd5+ Kc7 46. Be4 Kd6 47. Bf5 Ke7 48. Ke2 Kf6 49. Be4 Kg5 50. Kf3 Kh4 51. Bf5 Bf6 52. Be4 Kh3 53. Bf5+ Kh2 54. Be4 Kg1 55. Ke2 Bg5 56. Bf5 Kg2 57. Bg6 Kg3 58. Bh7 Kf4 59. Kd3 e4+ 60. Ke2 d3+ 0-1

[Event "SUI-ch U16"]
[Site "Belp"]
[Date "2014.06.08"]
[Round "6"]
[White "Naegelin, Luis"]
[Black "Hunter, Damian"]
[Result "1-0"]
[WhiteElo "1844"]
[BlackElo "1789"]
[PlyCount "65"]
[EventDate "2014.06.06"]
[EventType "swiss"]
[EventRounds "7"]
[EventCountry "SUI"]
[SourceTitle "EXT 2015"]
[Source "ChessBase"]
[SourceDate "2014.11.20"]
[SourceVersion "1"]
[SourceVersionDate "2014.11.20"]
[SourceQuality "1"]

1. e4 c5 2. Nf3 d6 3. d4 cxd4 4. Nxd4 Nf6 5. Nc3 a6 6. Be2 e5 7. Nb3 Be7 8. 0-0 0-0 9. Be3 Nbd7 10. f4 b5 11. a3 Bb7 12. Bf3 Nb6 13. Na5 Nc4 14. Nxc4 bxc4 15. Kh1 Bc6 16. Qe2 Rc8 17. Rad1 Qa5 18. g4 Nd7 19. f5 Ba8 20. g5 f6 21. Rg1 fxg5 22. Bxg5 Bxg5 23. Rxg5 Nf6 24. Rxd6 Qc5 25. Rd1 Rcd8 26. Rdg1 Rf7 27. Bh5 Re7 28. Bf3 Rd4 29. Qg2 Qc7 30. h4 h5 31. Rg6 Ng4 32. Bxg4 hxg4 33. Rxg4 1-0

[Event "SUI-ch U12"]
[Site "Belp"]
[Date "2010.07.02"]
[Round "2"]
[White "Naegelin, Luis"]
[Black "Lehmann, Dominik"]
[Result "0-1"]
[WhiteElo "1535"]
[BlackElo "1756"]
[PlyCount "138"]
[EventDate "2010.06.29"]
[EventType "swiss"]
[EventRounds "7"]
[EventCountry "SUI"]
[SourceTitle "EXT 2012"]
[Source "ChessBase"]
[SourceDate "2011.11.24"]
[SourceVersion "1"]
[SourceVersionDate "2011.11.24"]
[SourceQuality "1"]

1. e4 c5 2. Bc4 d6 3. Nc3 Nf6 4. Nf3 g6 5. d4 cxd4 6. Nxd4 Bg7 7. Be3 0-0 8. 0-0 Nbd7 9. Re1 a6 10. a4 Ne5 11. b3 Nxc4 12. bxc4 Bd7 13. Rb1 Bc6 14. f3 Qd7 15. Ra1 Qc7 16. Bf2 Nd7 17. Qd2 Ne5 18. Qe2 Nd7 19. Ra3 Nb6 20. a5 Nd7 21. Rd1 Nc5 22. Bg3 e5 23. Nb3 Ne6 24. Bf2 Qe7 25. Ra2 Rad8 26. Bb6 Rd7 27. Qf2 f5 28. c5 fxe4 29. cxd6 Qg5 30. Kh1 exf3 31. g3 e4 32. Raa1 e3 33. Bxe3 Qf5 34. Kg1 Bxc3 35. Rab1 Ng5 36. Bxg5 Qxg5 37. Rd3 Bb4 38. Nd4 Bc5 39. Re1 Rxd6 40. h4 Qg4 41. c3 Rfd8 42. Red1 Bb5 43. R3d2 Be2 44. Rb1 Bxd4 45. cxd4 Rxd4 46. Rxd4 Qxd4 47. Qxd4 Rxd4 48. Kf2 Rd7 49. Rb6 Kg7 50. Re6 Kf7 51. Re5 Kf6 52. Re4 Rd5 53. Rb4 Rb5 54. Rf4+ Kg7 55. Ra4 Bd1 56. Ra3 Rb2+ 57. Kf1 f2 58. g4 Bxg4 59. h5 Bd7 60. h6+ Kxh6 61. Rd3 Bb5 62. Kg2 f1Q+ 63. Kxf1 Bxd3+ 64. Ke1 g5 65. Kd1 g4 66. Kc1 Re2 67. Kd1 g3 68. Kc1 g2 69. Kd1 g1Q# 0-1

[Event "SUI-ch U12"]
[Site "Belp"]
[Date "2010.07.01"]
[Round "1"]
[White "Arcuti, Davide"]
[Black "Naegelin, Luis"]
[Result "1/2-1/2"]
[WhiteElo "1748"]
[BlackElo "1535"]
[PlyCount "61"]
[EventDate "2010.06.29"]
[EventType "swiss"]
[EventRounds "7"]
[EventCountry "SUI"]
[SourceTitle "EXT 2012"]
[Source "ChessBase"]
[SourceDate "2011.11.24"]
[SourceVersion "1"]
[SourceVersionDate "2011.11.24"]
[SourceQuality "1"]

1. d4 d5 2. Nf3 Nf6 3. e3 Bf5 4. c4 e6 5. Nc3 c5 6. Qb3 b6 7. cxd5 exd5 8. Bb5+ Bd7 9. Nxd5 Nxd5 10. Qxd5 Bxb5 11. Qxa8 Qc7 12. Qe4+ Be7 13. Qe5 Qxe5 14. Nxe5 cxd4 15. exd4 0-0 16. a3 Re8 17. Be3 f6 18. Nf3 f5 19. 0-0-0 Bd6 20. Kb1 f4 21. Bc1 Nc6 22. d5 Na5 23. Rhe1 Rc8 24. Re6 Ba4 25. Rd2 Nb3 26. Rc2 Rxc2 27. Kxc2 Nd4+ 28. Kc3 Nxe6 29. dxe6 Kf8 30. b3 Bc6 31. Kd4 1/2-1/2